000
00269nam a22001097a 4500
008
230623b xxu||||| |||| 00| 0 eng d
082
_a
330.
_b
STA 1967
245
_a
Introductory Economics
260
_a
UK
_b
Longman Group Limited
_c
1967
300
_a
463p
942
_2
ddc
_c
BK
999
_c
2506
_d
2506